000 00471 a2200145 4500
999 _c330478
_d330478
001 64090
003 NUST
005 20170717163610.0
008 170717b xxu||||| |||| 00| 0 eng d
020 _a8182741289
040 _c0
082 _a620.5 DIW
100 _aDiwan.Parag,Dr
_93332
245 _aNanotechnology Revolution
_cDr.Parag Diwan
260 _aNew Delhi
_bPentagon Press
_c2006
300 _axvii, 317p.
500 _aH.B
942 _k620.5 DIW
_2ddc
_cBK
_mIESE